| 000 | 00952nam a2200301 c 4500 | ||
|---|---|---|---|
| 003 | BLK | ||
| 005 | 20190913121148.0 | ||
| 008 | 180911b bul|||||r ||||||| ||bul|| | ||
| 010 | _a001619 | ||
| 040 | _aBLK | ||
| 041 | _aBUL | ||
| 080 | _z886.7-31 | ||
| 100 | 1 |
_aМИНДОВ, Христо _eпърви автор |
|
| 245 | 0 | 0 | _aНад страната няма противникови самолети |
| 246 | _pепос-романи | ||
| 260 |
_aСофия _bПетър Иванов _c1946 |
||
| 300 |
_a308 с _c19 см |
||
| 380 | _a82 | ||
| 490 |
_aЧастна колекция - Академик Михаил Арнаудов _gДарение - Основен фонд |
||
| 653 |
_9 _aепос |
||
| 653 |
_9 _aромани |
||
| 650 | _aПроза | ||
| 650 | _aРомани | ||
| 655 | _aбългарска литература | ||
| 700 | 1 | _aХристо Миндов | |
| 852 | _aМА 1971 | ||
| 942 |
_cKNG _n0 |
||
| 944 |
_aCR _c1997 _kValK |
||
| 999 |
_c341986 _d341986 |
||